Famous Cars - Statistics

General Stats
  • This quiz has been taken 260 times
  • The average score is 7 of 8
Answer Stats
Picture Answer % Correct
BMW
100%
Tesla
99%
Jaguar
95%
Honda
94%
Volkswagen
93%
Hyundai
91%
Ferarri
57%
Tata
37%
No matching quizzes found
Score Distribution
Percent of People with Each Score
Percentile by Number Answered
Your Score History
You have not taken this quiz